<?xml version="1.0" encoding="UTF-8"?>
<record
    xmlns:xsi="http://www.w3.org/2001/XMLSchema-instance"
    xsi:schemaLocation="http://www.loc.gov/MARC21/slim http://www.loc.gov/standards/marcxml/schema/MARC21slim.xsd"
    xmlns="http://www.loc.gov/MARC21/slim">

  <leader>03174nam a2200313 a 4500</leader>
  <controlfield tag="003">DO-SdBNP</controlfield>
  <controlfield tag="005">20240316073906.0</controlfield>
  <controlfield tag="007">ta</controlfield>
  <controlfield tag="008">220603e2017    dr ao||gr|||| 001 edspa d</controlfield>
  <datafield tag="020" ind1=" " ind2=" ">
    <subfield code="a">9789945462982</subfield>
  </datafield>
  <datafield tag="040" ind1=" " ind2=" ">
    <subfield code="a">DO-SdBNP</subfield>
    <subfield code="b">spa</subfield>
    <subfield code="c">BNPHU</subfield>
  </datafield>
  <datafield tag="082" ind1=" " ind2="4">
    <subfield code="a">972.93</subfield>
    <subfield code="b">V443h 2017</subfield>
    <subfield code="2">22</subfield>
  </datafield>
  <datafield tag="100" ind1="1" ind2=" ">
    <subfield code="a">Veloz Maggiolo, Marcio,</subfield>
    <subfield code="d">1936-2021</subfield>
    <subfield code="9">1104</subfield>
  </datafield>
  <datafield tag="245" ind1="1" ind2="0">
    <subfield code="a">Historia de la cultura dominicana :</subfield>
    <subfield code="b">momentos formativos /</subfield>
    <subfield code="c">Marcio Veloz Maggiolo; pr&#xF3;logo, Jos&#xE9; Chez Checo.</subfield>
  </datafield>
  <datafield tag="250" ind1=" " ind2=" ">
    <subfield code="a">2a. ed. corr. y ampl.</subfield>
  </datafield>
  <datafield tag="260" ind1=" " ind2=" ">
    <subfield code="a">Santo Domingo :</subfield>
    <subfield code="b">Comisi&#xF3;n Permanente de Efem&#xE9;rides Patrias, </subfield>
    <subfield code="c">2017</subfield>
  </datafield>
  <datafield tag="300" ind1=" " ind2=" ">
    <subfield code="a">369 p. :</subfield>
    <subfield code="b">il., fotogr. ;</subfield>
    <subfield code="c">23 cm.</subfield>
  </datafield>
  <datafield tag="500" ind1=" " ind2=" ">
    <subfield code="a">Incluye datos biogr&#xE1;ficos del autor en la solapa de la portada y biograf&#xED;a completa, p. 351- 355 . </subfield>
  </datafield>
  <datafield tag="504" ind1=" " ind2=" ">
    <subfield code="a">Bibliograf&#xED;a: p. 357-364</subfield>
  </datafield>
  <datafield tag="505" ind1="0" ind2=" ">
    <subfield code="a">Presentaci&#xF3;n --</subfield>
    <subfield code="t">Pr&#xF3;logo /</subfield>
    <subfield code="r">Jos&#xE9; Chez Checo.--</subfield>
    <subfield code="t">Palabras liminares.--</subfield>
    <subfield code="t">Introducci&#xF3;n.--</subfield>
    <subfield code="t">El espacio caribe&#xF1;o.--</subfield>
    <subfield code="t">La visi&#xF3;n etnoc&#xE9;ntrica.--</subfield>
    <subfield code="t">Las lenguas europeas como separadoras.--</subfield>
    <subfield code="t">Nuestra raz&#xF3;n isle&#xF1;a.--</subfield>
    <subfield code="t">Las sociedades iniciales y las culturales tempranas.--</subfield>
    <subfield code="t">Los modelos sociales originarios.--</subfield>
    <subfield code="t">Las culturas agr&#xED;colas.--</subfield>
    <subfield code="t">Las sociedades ind&#xED;genas, tierra, agricultura y alimentos.--</subfield>
    <subfield code="t">La sociedad ta&#xED;na. Resumen.--</subfield>
    <subfield code="t">La llegada del europeo.</subfield>
    <subfield code="t">La ruptura de las formas est&#xE9;ticas.--</subfield>
  </datafield>
  <datafield tag="505" ind1="0" ind2=" ">
    <subfield code="a">Los primeros mestizajes.--</subfield>
    <subfield code="r">Adaptaciones culturales hispano-ind&#xED;genas.--</subfield>
    <subfield code="t">Santo Domingo (1496-98).--</subfield>
    <subfield code="t">La ciudad de Ovando.--</subfield>
    <subfield code="t">La econom&#xED;a inicial de la Colonia.--</subfield>
    <subfield code="t">1605- 1606. El primer asomo de identidad.--</subfield>
    <subfield code="t">Crisis en el siglo XVII.--</subfield>
    <subfield code="t">La diferencia isle&#xF1;a.--</subfield>
    <subfield code="t">La identidad b&#xE9;lica.--</subfield>
    <subfield code="t">Cultura y letras.--</subfield>
    <subfield code="t">La patria del criollo.--</subfield>
    <subfield code="t">Vida, festividad y herencias formativas.--</subfield>
    <subfield code="t">Calenda y fandango.--</subfield>
    <subfield code="t">Las serenatas o serenatos.--</subfield>
    <subfield code="t">Los compadrazgos.--</subfield>
    <subfield code="t">La remisi&#xF3;n de materiales culturales.--</subfield>
    <subfield code="t">Los primero bailes de sociedad.--</subfield>
    <subfield code="t">La supervivencia formativa.--</subfield>
    <subfield code="t">La etapa formativa borb&#xF3;nica y la cultura.--</subfield>
    <subfield code="t">Las reprobaciones como pol&#xED;tica borb&#xF3;nica.--</subfield>
    <subfield code="t">Datos para el "formativo".--</subfield>
    <subfield code="t">La transici&#xF3;n criolla, S. XVII- XVIII.--</subfield>
    <subfield code="t">Un aparte canario.--</subfield>
    <subfield code="t">Poblados hateros.--</subfield>
    <subfield code="t">Costumbres urbanas.--</subfield>
    <subfield code="t">Del formativo criollo.--</subfield>
    <subfield code="t">Efectos culturales de la ocupaci&#xF3;n francesa.--</subfield>
    <subfield code="t">Sobre la consagraci&#xF3;n del mestizaje.--</subfield>
    <subfield code="t">El c&#xF3;digo negro.--</subfield>
    <subfield code="t">Apuntes sobre la clasificaci&#xF3;n racial.-- </subfield>
    <subfield code="t">Educaci&#xF3;n en el per&#xED;odo formativo.--</subfield>
    <subfield code="t">La decadencia de la cultura borb&#xF3;nica dominicana.--</subfield>
    <subfield code="t">El hombre dominicano en las cr&#xF3;nicas francesas (1800- 1809).--</subfield>
    <subfield code="t">Siglos XVII y XVIII. Aspectos populares.--</subfield>
    <subfield code="t">El carnaval, mascaradas y carnestolendas.--</subfield>
    <subfield code="t">Vida festiva durante el siglo XVIII.--</subfield>
    <subfield code="t">Ritual de cohesi&#xF3;n social.--</subfield>
    <subfield code="t">Algunas matrices formativas de nuestra vida cultural.--</subfield>
    <subfield code="t">Literatura y colonia.--</subfield>
    <subfield code="t">La criollizanci&#xF3;n.</subfield>
    <subfield code="t">Resumen hist&#xF3;rico.--</subfield>
    <subfield code="t">Palabras finales.--</subfield>
    <subfield code="t">Biograf&#xED;a.--</subfield>
    <subfield code="t">Bibliograf&#xED;a.</subfield>
  </datafield>
  <datafield tag="590" ind1=" " ind2=" ">
    <subfield code="a">Inventariado 2022 / MF</subfield>
  </datafield>
  <datafield tag="651" ind1=" " ind2="4">
    <subfield code="9">27818</subfield>
    <subfield code="a">Rep&#xFA;blica Dominicana</subfield>
    <subfield code="x">Historia</subfield>
  </datafield>
  <datafield tag="651" ind1=" " ind2="4">
    <subfield code="9">281</subfield>
    <subfield code="a">Rep&#xFA;blica Dominicana</subfield>
    <subfield code="x">Condiciones sociales</subfield>
  </datafield>
  <datafield tag="651" ind1=" " ind2="4">
    <subfield code="9">43380</subfield>
    <subfield code="a">Rep&#xFA;blica Dominicana</subfield>
    <subfield code="x">Vida social y costumbres</subfield>
    <subfield code="x">Historia</subfield>
  </datafield>
  <datafield tag="700" ind1="1" ind2=" ">
    <subfield code="a">Chez Checo, Jos&#xE9;,</subfield>
    <subfield code="d">1949-</subfield>
    <subfield code="e">pr&#xF3;l.</subfield>
    <subfield code="9">10145</subfield>
  </datafield>
  <datafield tag="910" ind1=" " ind2=" ">
    <subfield code="a">MFeliz/Validado.Control de calidad MFF</subfield>
  </datafield>
  <datafield tag="942" ind1=" " ind2=" ">
    <subfield code="2">ddc</subfield>
    <subfield code="c">LBS1</subfield>
  </datafield>
  <datafield tag="952" ind1=" " ind2=" ">
    <subfield code="0">0</subfield>
    <subfield code="1">0</subfield>
    <subfield code="2">ddc</subfield>
    <subfield code="5">1</subfield>
    <subfield code="7">0</subfield>
    <subfield code="8">PD</subfield>
    <subfield code="a">BNPHU</subfield>
    <subfield code="b">BNPHU</subfield>
    <subfield code="c">HD</subfield>
    <subfield code="d">2022-06-03</subfield>
    <subfield code="o">BNPHU PD 972.93 V443h 2017</subfield>
    <subfield code="p">2022-2692</subfield>
    <subfield code="r">2022-06-03</subfield>
    <subfield code="w">2022-06-03</subfield>
    <subfield code="y">LBS1</subfield>
  </datafield>
  <datafield tag="952" ind1=" " ind2=" ">
    <subfield code="0">0</subfield>
    <subfield code="1">0</subfield>
    <subfield code="2">ddc</subfield>
    <subfield code="5">1</subfield>
    <subfield code="7">0</subfield>
    <subfield code="8">PD</subfield>
    <subfield code="a">BNPHU</subfield>
    <subfield code="b">BNPHU</subfield>
    <subfield code="c">HD</subfield>
    <subfield code="d">2022-09-30</subfield>
    <subfield code="o">BNPHU PD 972.93 V443h 2017</subfield>
    <subfield code="p">2022-4119</subfield>
    <subfield code="r">2022-09-30</subfield>
    <subfield code="t">e.2</subfield>
    <subfield code="w">2022-09-30</subfield>
    <subfield code="y">LBS1</subfield>
  </datafield>
  <datafield tag="952" ind1=" " ind2=" ">
    <subfield code="0">0</subfield>
    <subfield code="1">0</subfield>
    <subfield code="2">ddc</subfield>
    <subfield code="5">6</subfield>
    <subfield code="7">0</subfield>
    <subfield code="8">DS</subfield>
    <subfield code="a">BNPHU</subfield>
    <subfield code="b">BNPHU</subfield>
    <subfield code="c">HD</subfield>
    <subfield code="d">2022-09-30</subfield>
    <subfield code="o">BNPHU DS 972.93 V443h 2017</subfield>
    <subfield code="p">2022-4120</subfield>
    <subfield code="r">2022-09-30</subfield>
    <subfield code="t">e.3 </subfield>
    <subfield code="w">2022-09-30</subfield>
    <subfield code="y">LBS1</subfield>
  </datafield>
  <datafield tag="999" ind1=" " ind2=" ">
    <subfield code="c">51919</subfield>
    <subfield code="d">51919</subfield>
  </datafield>
</record>
